Munting aklat ng mga tula at balagtasan 2/ (Record no. 10080)

MARC details
000 -LEADER
fixed length control field 00471nam a22001697a 4500
003 - CONTROL NUMBER IDENTIFIER
control field OSt
005 - DATE AND TIME OF LATEST TRANSACTION
control field 20260430023122.0
008 - FIXED-LENGTH DATA ELEMENTS--GENERAL INFORMATION
fixed length control field 260430b |||||||| |||| 00| 0 eng d
020 ## - INTERNATIONAL STANDARD BOOK NUMBER
International Standard Book Number 971-8837-25-6.
040 ## - CATALOGING SOURCE
Original cataloging agency DWC-Main Lib.
Transcribing agency OC
082 ## - DEWEY DECIMAL CLASSIFICATION NUMBER
Classification number Res. 808.53 L959m 1999
100 ## - MAIN ENTRY--PERSONAL NAME
Personal name Lozano, R. S.
245 ## - TITLE STATEMENT
Title Munting aklat ng mga tula at balagtasan 2/
Statement of responsibility, etc. R. S. Lozano
260 ## - PUBLICATION, DISTRIBUTION, ETC.
Name of publisher, distributor, etc. RSO Trading
300 ## - PHYSICAL DESCRIPTION
Extent 104 p. ;
Dimensions 18 cm.
942 ## - ADDED ENTRY ELEMENTS (KOHA)
Source of classification or shelving scheme Dewey Decimal Classification
Koha item type Book- Reserved
Classification part Res.
Suppress in OPAC No
952 ## - LOCATION AND ITEM INFORMATION (KOHA)
--
952 ## - LOCATION AND ITEM INFORMATION (KOHA)
--
Holdings
Withdrawn status Lost status Source of classification or shelving scheme Damaged status Not for loan Home library Current library Shelving location Date acquired Source of acquisition Cost, normal purchase price Total Checkouts Full call number Barcode Date last seen Copy number Price effective from Koha item type Uniform Resource Identifier
    Dewey Decimal Classification     College Library College Library Reserved 07/23/2003 School Fund 0.00   Res. 808.53 L959m 1999 CL37896 04/30/2026 c1 04/30/2026 BK-0 CIRC
    Dewey Decimal Classification     College Library College Library Reserved 07/23/2003 School Fund 0.00   Res. 808.53 L959m 1999 CL37897 04/30/2026 c2 04/30/2026 BK-0 CIRC